00676nam a2200169 i 450000100060000000300090000600500170001500700030003200800410003510000390007624501860011525000150030126000460031630000410036274000710040385200320047456076ES-MaACL20230906163258.0t|031002s1972 sp ||||1| spa d1 aDíaz-Plaja, Fernando,d1918-201213aLa España política del siglo XX en fotografías y documentos b: . Tomo Cuarto: Del final de la Guerra Civil al Príncipe Juan Carlos (1939-1969) /cpor Fernando Díaz-Plaja. a[1ª ed.]. a[Barcelona] : bPlaza & Janés, c[1972] a453 p., 11 lám. : bil. ; c25 cm.0 aDel final de la Guerra Civil al Príncipe Juan Carlos (1939-1969) aES-MaACLjC-55168 bR.84678